University Home | Library Home | Institutional Repository

Sickle cell : (Record no. 52404)

MARC details
000 -LEADER
fixed length control field 00823cam3a220024100 4500
001 - CONTROL NUMBER
control field qce00962134
005 - DATE AND TIME OF LATEST TRANSACTION
control field 20190814122721.0
008 - FIXED-LENGTH DATA ELEMENTS--GENERAL INFORMATION
fixed length control field 750331s1974 miua 000 0 eng d
010 ## - LIBRARY OF CONGRESS CONTROL NUMBER
LC control number 73092193
035 ## - SYSTEM CONTROL NUMBER
System control number (Sirsi) r88329
035 ## - SYSTEM CONTROL NUMBER
System control number (QCAT)lss00780730
035 ## - SYSTEM CONTROL NUMBER
System control number (UPRA)qce00962134
040 ## - CATALOGING SOURCE
Modifying agency UPRA
100 1# - MAIN ENTRY--PERSONAL NAME
Personal name Barnhart, Marion Isobel.
Linkage A47780.1
245 10 - TITLE STATEMENT
Title Sickle cell :
Remainder of title a Scope publication /
Statement of responsibility, etc. by Marion I. Barnhart, Raymond L. Henry [and] Jeanne M. Lusher.
260 ## - PUBLICATION, DISTRIBUTION, ETC.
Place of publication, distribution, etc. [Kalamazoo, MI] :
Name of publisher, distributor, etc. Upjohn Co.,
Date of publication, distribution, etc. [c1974]
650 #2 - SUBJECT ADDED ENTRY--TOPICAL TERM
Topical term or geographic name entry element Anemia, Sickle Cell
Linkage S36693.1
700 1# - ADDED ENTRY--PERSONAL NAME
Personal name Henry, Raymond L.
Linkage A47781.1
700 1# - ADDED ENTRY--PERSONAL NAME
Personal name Lusher, Jeanne M., 1935-
Dates associated with a name Lusher, Jeanne M., 1935-
Linkage A47782.1
710 2# - ADDED ENTRY--CORPORATE NAME
Corporate name or jurisdiction name as entry element Upjohn Company.
Linkage A26153.1
949 ## - LOCAL PROCESSING INFORMATION (OCLC)
a RC641.7
w LC
i -123500
m MEDICAL
t BOOK
l ON-SHELF

No items available.

© 2026 - The University of Zambia Library - Koha v25.11